| 000 | 00401nam a2200181Ia 4500 | ||
|---|---|---|---|
| 008 | 221030s9999 xx 000 0 und d | ||
| 020 | _a0070619859 | ||
| 041 | _aEnglish | ||
| 082 | _a105.23 | ||
| 100 | _aB. Hughes | ||
| 245 | 0 | _aSoftware Project Management | |
| 250 | _a4th | ||
| 260 |
_bTMH _aNew Delhi _c2007 |
||
| 300 | _a357 | ||
| 650 | _aComputers | ||
| 700 | _aM. Cotterell | ||
| 942 | _cBK | ||
| 999 |
_c5622 _d5622 |
||